Normal view
MARC view
Entry Personal Name
001 - CONTROL NUMBER
- control field: 24219
003 - CONTROL NUMBER IDENTIFIER
- control field: dpl
005 - DATE AND TIME OF LATEST TRANSACTION
- control field: 20101110153457.0
008 - FIXED-LENGTH DATA ELEMENTS
- fixed length control field: 101110|||a|||||| | ||| d
040 ## - CATALOGING SOURCE
- Original cataloging agency: dpl
- Transcribing agency: dpl
100 ## - HEADING--PERSONAL NAME
- Personal name: अंसारी, ज़फ़रूल्लाह
670 ## - SOURCE DATA FOUND
- Source citation: Work cat.: (dpl): 24114 मुहम्मद शाहिद हुसैन, जनसंचारःपरंपरा और प्रयोग /, 2010
670 ## - SOURCE DATA FOUND
- Source citation: Work cat.: (dpl): 24114 मुहम्मद शाहिद हुसैन, जनसंचारःपरंपरा और प्रयोग /, 2010
